000 00541nam a2200205Ia 4500
001 4294
008 170127n ii |||gr||||Z||||||asm
082 _a891.4116
100 _aPathak, Ramesh,
_eAuthor.
245 0 _aBabru Bahanar Yuddha /
_cRamesh Pathak.
_hTextual Documents
250 _a1st ed. /
260 _aGuwahati :
_bGrantha Peeth ,
_c1987.
300 _a112p. :
_bill. ;
_c22cm .
653 _aAssamese
653 _aPG-Assamese
653 _aG-Assamese
653 _aAssamese poetry
653 _aG-Assamese
942 _2ddc
_cBK
999 _c4281
_d4281